Deficit de atencion [fotocop.] /
Guardado en:
| Autor Principal: | |
|---|---|
| Formato: | Libro |
| Publicado: |
:
,
1999
|
| Materias: | |
| Etiquetas: |
Agregar Etiqueta
Sin Etiquetas, Sea el primero en etiquetar este registro!
|
| LEADER | 00473nam a22001815a 4500 | ||
|---|---|---|---|
| 001 | CEM.cems010252 | ||
| 005 | 20060214000000.0 | ||
| 008 | 130507s1999##################000#0#####d | ||
| 003 | CEMS | ||
| 082 | 0 | 4 | |a F370 |
| 100 | 1 | |a Henestrosa Guadalupe | |
| 245 | 1 | 0 | |a Deficit de atencion [fotocop.] / |
| 260 | |a : |b , |c 1999 | ||
| 300 | |a 4 p. | ||
| 653 | |a Aprendizaje-trastornos | ||
| 653 | |a Deficit de atencion | ||
| 653 | |a Fc | ||
| 859 | |a CEMS |b BIB. CEMS - 11 de abril |h F370 |i 92 |p 1667.44 |t Ej.1 | ||
